000 00393nam a2200169Ia 4500
003 0STCL
008 150530s9999 xx 000 0 und d
040 _aSTCL
_cSTCL
100 _aVarkey Kunnel, K.P.
245 _aDhampathya Digjayam
260 _bJanatha Book Stall,Thevara
_c1990
300 _a0
546 _aMalayalam
942 _2ddc
_cBK
999 _c40173
_d40173
005 20220125170513.0